000 00487nam a2200205Ia 4500
005 20250425162049.0
008 250425s9999 xx 000 0 und d
020 _a9683804985
041 _aspa
082 _a658.568
100 _aWALLER, JENNY
245 0 _aEL MANUAL DE ADMINISTRACION DE LA CALIDAD: ISO 9000
250 _a2A ED.
260 _aMEXICO
260 _aMéxico
_bPANORAMA
_c1995
300 _a243
650 _aADMINISTRACION
942 _c01
010 _a45497
999 _c221619
_d221619